000 00305nam a2200121Ia 4500
008 190216s9999||||xx |||||||||||||| ||und||
100 _aDhires Bhattacharyya
245 0 _aConcise History Of The Indian Economy
260 _bPrentice Hall India
_c1979
300 _a292p
650 _aEconomics
942 _cBK
999 _c9769
_d9769